000 00501nam a2200145 4500
999 _c16115
_d16115
008 210421b ||||| |||| 00| 0 eng d
022 _a1559-663X
082 _aDPer 420.705 En36 c2006-2008
100 _aAfia, Jawida Ben.
_943183
245 _aEnglish clubs:
_bintroducing English to young learners/
_cJawida Ben Afia.
260 _aWashington, D.C. :
_bEnglish Teaching Forum,
_cc2006-2008.
300 _av44 n2, pages 20-23:
_c27 cm.
650 _aLanguage and languages.
_943184
942 _2ddc
_cPER